| 000 | 00510nam a22001697a 4500 | ||
|---|---|---|---|
| 003 | PILC | ||
| 005 | 20150112093435.0 | ||
| 008 | 130226t xxu||||| |||| 00| 0 eng d | ||
| 020 | _a0330320467 | ||
| 050 |
_aHF 5415 _b.C556 1991 |
||
| 082 |
_aMkSF 658.8 _bC46 1991 |
||
| 100 |
_aChristopher, Martin _915574 |
||
| 245 |
_aMarketing : an introduction / _cMartin Christopher and M,alcolm McDonald |
||
| 260 |
_aUpper Saddle River, N.J. _bPrentice-Hall _c1999. |
||
| 300 |
_a585 pages : _c25 cm. |
||
| 942 |
_2lcc _cBK |
||
| 999 |
_c14526 _d14526 |
||